000 00681nam a22001937a 4500
005 20240112162409.0
010 _a B-756979-982 ENG
020 _c995.00
_a9781138370470
035 _aB-756979-982
037 _bAakar Books
082 _a921
100 _aRussell
_960929
245 _aAutobiography/
_cRussell
260 _aNew York
_bSimultaneously pub.
_c2018
270 _bNew York
_a711 Third Avenue,
_e10017
300 _a746p.
_c22cm(Pbk)
942 _2ddc
_cEN
_h921
_mPan
999 _c199951
_d199951